Normal view
MARC view
Entry Personal Name
001 - CONTROL NUMBER
- control field: 41588
003 - CONTROL NUMBER IDENTIFIER
- control field: ARRUPE
005 - DATE AND TIME OF LATEST TRANSACTION
- control field: 20180423091958.0
008 - FIXED-LENGTH DATA ELEMENTS
- fixed length control field: 180423|| aca||aabn | a|a d
040 ## - CATALOGING SOURCE
- Original cataloging agency: ARRUPE
- Transcribing agency: ARRUPE
100 ## - HEADING--PERSONAL NAME
- Personal name: Montez, Coetano
- Relator term: ed.
670 ## - SOURCE DATA FOUND
- Source citation: Work cat.: (ARRUPE)127948: Montez, Coetano ed., Inventário do fundo do século xviii :, 1958.